| 000 | 00668cam a2200205 a 4500 | ||
|---|---|---|---|
| 003 | CDMR | ||
| 005 | 20140411141540.0 | ||
| 008 | 140211s2013 spcad|||||||| |00 0 spa|d | ||
| 017 | _aDL B. 27493-2013 | ||
| 020 | _a9788490640357 | ||
| 040 |
_bcat _cCDMR |
||
| 100 | 1 |
_aGifreu, Arnau _94558 |
|
| 245 | 1 | 3 |
_aEl Documental interactivo _b: evolución, caracterización y perspectivas de desarrollo _cArnau Gifreu Castells |
| 260 |
_aBarcelona _bEditorial UOC _c2013 |
||
| 300 |
_a255 p. _bil., taules _c24 cm |
||
| 504 | _aNotes. Bibliografia p. 241-255 | ||
| 650 | 7 |
_aMitjans de comunicació digitals _2lemac |
|
| 650 | 7 |
_aCinema documental _2lemac _93283 |
|
| 942 | _cMON | ||
| 999 |
_c6723 _d6723 |
||